| 000 | 00353nam a22001337a 4500 | ||
|---|---|---|---|
| 005 | 20250901165809.0 | ||
| 008 | 250320b |||||||| |||| 00| 0 eng d | ||
| 010 | _89789966362285 | ||
| 050 | _aPR 8379.9 .K66 2012 | ||
| 245 |
_aTHE LAST VILLAINS OF MOLO _cKOMBANI KINYANJUI |
||
| 260 |
_aNAIROBI _bLONGHORN PUBLISHERS _c2012 |
||
| 300 | _a212 | ||
| 942 | _2lcc | ||
| 999 |
_c9357 _d9357 |
||